000 00677nam a2200193 i 4500
001 45628
003 ES-MaACL
005 20230906161241.0
007 t|
008 030326m18871888sp ||||1| spa d
100 1 _aCohnheim, Julius Friedrich.
_939528
245 1 0 _aLecciones de patología general /
_cpor Julio Cohnheim ; traducción de Luis Paris Zejin, [M. Carreras Sanchis y C. Compaired Cabodevilla].
260 _aMadrid :
_bRobles,
_c[1887-1888] (
_fGabriel Pedraza)
300 _a2 v. ;
_c23 cm.
700 1 _aParis Zejin, Luis.
_989150
700 0 _aCarreras Sanchís, Manuel.
_935680
700 1 _aCompaired Cabodevilla, C.
_940029
852 _aES-MaACL
_jF-11788-89
999 _c45628
_d45628